| 000 | 00575nam a2200193 a 4500 | ||
|---|---|---|---|
| 005 | 20240919064123.0 | ||
| 008 | 991125s1970 mx 000 0 spa u | ||
| 035 | _aUPN01000011221 | ||
| 049 | _aC | ||
| 050 | 4 |
_aKGC325 _aCH2 |
|
| 110 | 1 |
_aChiapas. _t[Constitución] |
|
| 245 | 1 | 0 | _aConstitución política del Estado de Chiapas. |
| 260 |
_aMéxico : _bPRI, _c[1970?]. |
||
| 300 | _a31 p. | ||
| 500 | _aDisponible en la Colección Medina | ||
| 610 | 1 | 4 |
_aCHIAPAS. _kLEYES, DECRETOS, ETC. _913370 |
| 610 | 1 | 2 |
_aMéxico. _tConstitución política (1917) _927956 |
| 905 | _aLibro | ||
| 999 |
_c11221 _d11221 |
||